000
00395nam a2200133Ia 4500
008
100328s9999 xx 000 0 und d
082
_b
23294
100
_a
ढसाळ नामदेव
245
_a
हाडकी हाड वळा
260
_b
अस्मिता
630
_a
हाडकी हाड वळा
730
_a
हाडकी हाड वळा
942
_c
BOOK
999
_c
517047
_d
517044